header

Atmospheric science (AS) (Record no. 143362)

MARC details
000 -LEADER
fixed length control field 01387nam a2200373 a 4500
245 00 - TITLE STATEMENT
Title Atmospheric science (AS)
260 ## - PUBLICATION, DISTRIBUTION, ETC. (IMPRINT)
Place of publication Hackensack, N.J. :
Name of publisher World Scientific,
Year of publication 2011.
300 ## - PHYSICAL DESCRIPTION
Number of Pages xiv, 114 p. :
Other physical details ill.
490 0# - SERIES STATEMENT
Series statement Advances in geosciences ;
650 #0 - SUBJECT ADDED ENTRY--TOPICAL TERM
Topical Term Atmospheric physics.
Topical Term Planetary meteorology.
Topical Term Space environment.
Topical Term Earth sciences.
Topical Term Space sciences.
Topical Term Planetology.
700 1# - ADDED ENTRY--PERSONAL NAME
Personal name Wu, Chun-Chieh.
Personal name Satake, Kenji.
856 40 - ELECTRONIC LOCATION AND ACCESS
Uniform Resource Identifier http://site.ebrary.com/lib/rucke/Doc?id=10524538

No items available.

© 2026 Rongo University
Contact us: librarian | system librarian | Rongo university